=LDR 00000nam 2200000 4500 =001 INLIS000000000038143 =005 20250523044739 =035 ##$$a 0010-061300000038143 =008 250523################g##########0#ind## =041 ##$$a ind =082 ##$$a 2x3.123 =100 ##$$a Aunillah,Nurla Isna =245 1#$$a Membaca tanda-tanda orang berbohong /$c Nurla Isna Aunillah; Editor, Putri Erine Nareswati =260 ##$$a Jogjakarta :$b Laksana,$c 2011 =300 ##$$a 131 hlm ; $c 14 x 20 cm =850 ##$$a NBPNMAT =084 ##$$a 2x3.123 AUN m =250 ##$$a Cet. 1 =650 #4$$a Iman kepada Allah =500 ##$$a Biografi :hlm.131 =700 #$$a Putri Erine Nareswati =504 ##$$a Bibliografi :hlm129-130 =990 ##$$a 21111144 =990 ##$$a 21111146 =990 ##$$a 21111145/Pb/2011 =990 ##$$a 21111146 =990 ##$$a 21111144 =990 ##$$a 21111145/Pb/2011